000 00614nam a2200241Ia 4500
003 OSt
005 20221006141900.0
006 a|||||r|||| 00| 0
007 ta
008 221006b |||||||| |||| 00| 0 eng d
020 _c1866.00
024 _a4,560
037 _cTextual
040 _aEASL
_cEASL
_beng
041 _2eng
_aeng
082 _aYxM64, M4
100 _aANDRESKI S
_9646441
245 0 _aMax Weber's insights and errors
260 _aNil
_bRoutledge and Kegan Paul
_c1984
300 _a155p.
_ccm.
942 _hYxM64, M4
_cTEXL
_2CC
999 _c1072646
_d1072646